000 00456nam a2200169Ia 4500
999 _c580
_d580
003 OSt
005 20210914105227.0
008 190216s9999||||xx |||||||||||||| ||und||
040 _coclc
082 _a892.73
_bHUS/D
100 _aHussain, Thaha
_98685
245 0 _aDuau Al Karwan /
_cThaha Hussain
260 _bAl Huda Book Stall,
_aCalicut:
300 _a132p
650 _aArabic
942 _cBK
_2ddc
_h892.73
_iHUS/D
_k892.73
_mHUS/D